000 00517nam a2200217Ia 4500
003 OSt
005 20220923230652.0
006 a|||||r|||| 00| 0
007 ta
008 Pun
024 _a304,614
037 _cTextual
040 _aARTS
_cARTS
_bPun
041 _2Pun
_aPun
082 _aV236jN09, 153K9
245 0 _aਐਮ ਐਸ ਰੰਧਾਵਾ
260 _c1969
650 _aਭਾਰਤੀਯ ਇਤਿਹਾਸ
942 _hV236jN09, 153K9
_cTEXL
_2CC
999 _c386424
_d386424